[Event "55th World U20 ch"]
[Site "Bhubaneswar IND"]
[Date "2016.08.19"]
[Round "11.4"]
[White "Bersamina, Paulo"]
[Black "Svane, Rasmus"]
[Result "1-0"]
[WhiteElo "2402"]
[BlackElo "2546"]
[EventDate "2016.08.08"]
[PlyCount "81"]

1.e4 e6 2.b3 d5 3.Bb2 Nf6 4.e5 Nfd7 5.f4 c5 6.Qg4 Nc6 7.Nf3 h5 8.Qg3 h4 9.
Qf2 Be7 10.Be2 Nf8 11.O-O Ng6 12.g3 Bd7 13.d4 Qb6 14.c3 hxg3 15.hxg3 Rh6 
16.Nbd2 O-O-O 17.Qe3 cxd4 18.cxd4 Bb4 19.Kg2 Nce7 20.Rh1 Bb5 21.Bxb5 Qxb5 
22.g4 Kd7 23.Rae1 Qd3 24.Rxh6 Qxe3 25.Rxe3 gxh6 26.Kg3 h5 27.Bc3 hxg4 28.
Kxg4 Nf5 29.Rd3 Rg8 30.Ng5 Bxc3 31.Rxc3 Nxd4 32.Rd3 Nc6 33.Rh3 Rg7 34.Ndf3
Ke7 35.Rh1 f6 36.exf6+ Kxf6 37.Rh6 Ke7 38.f5 Nge5+ 39.Nxe5 Nxe5+ 40.Kh4 
Rxg5 41.Rxe6+ 1-0

[Event "55th World U20 ch"]
[Site "Bhubaneswar IND"]
[Date "2016.08.19"]
[Round "11.5"]
[White "Aravindh, Chithambaram"]
[Black "Menezes, Christoph"]
[Result "1-0"]
[WhiteElo "2543"]
[BlackElo "2408"]
[EventDate "2016.08.08"]
[PlyCount "63"]

1.e4 c5 2.Nf3 d6 3.d4 cxd4 4.Nxd4 Nf6 5.Nc3 a6 6.g3 e5 7.Nde2 Be7 8.Bg2 b5
9.Nd5 Nbd7 10.Nec3 O-O 11.a4 bxa4 12.Rxa4 Nxd5 13.Nxd5 Bb7 14.Ra1 Nb6 15.
Nxe7+ Qxe7 16.O-O d5 17.exd5 Rfd8 18.Ra5 e4 19.Qd4 Nxd5 20.Qxe4 Qc7 21.Ra4
Rab8 22.Rc4 Qa5 23.Qe5 Re8 24.Qd4 Nf6 25.Bd2 Qf5 26.Rc5 Qd7 27.Qxd7 Nxd7 
28.Rc7 Bxg2 29.Kxg2 Nf6 30.b3 Re2 31.Rd1 h5 32.Be3 1-0

[Event "55th World U20 ch"]
[Site "Bhubaneswar IND"]
[Date "2016.08.19"]
[Round "11.6"]
[White "Lorparizangeneh, Shahin"]
[Black "Mosadeghpour, Masoud"]
[Result "1/2-1/2"]
[WhiteElo "2478"]
[BlackElo "2437"]
[EventDate "2016.08.08"]
[PlyCount "82"]

1.d4 Nf6 2.c4 e6 3.Nc3 Bb4 4.e3 d5 5.a3 Bxc3+ 6.bxc3 b6 7.cxd5 exd5 8.Bd3 
O-O 9.Ne2 Ba6 10.Bxa6 Nxa6 11.Qd3 Qc8 12.O-O c5 13.f3 Re8 14.Ng3 Qb7 15.
Ra2 Nc7 16.Re2 Qa6 17.Qxa6 Nxa6 18.e4 Nc7 19.e5 Nd7 20.f4 b5 21.f5 a5 22.
Bf4 Rac8 23.Rfe1 b4 24.e6 fxe6 25.fxe6 Nf8 26.axb4 cxd4 27.cxd4 Nb5 28.
bxa5 Nxd4 29.Re5 Nc2 30.Rf1 Nxe6 31.Rxd5 Nxf4 32.Rxf4 Ne3 33.Rd2 Rc1+ 34.
Nf1 Rf8 35.Rxf8+ Kxf8 36.Rf2+ Kg8 37.h3 Ra1 38.Rf4 Nd5 39.Rf5 Ne3 40.Rf4 
Nxf1 41.Rxf1 Rxa5 1/2-1/2

[Event "55th World U20 ch"]
[Site "Bhubaneswar IND"]
[Date "2016.08.19"]
[Round "11.7"]
[White "Praggnanandhaa, R."]
[Black "Henriquez Villagra, Cristobal"]
[Result "0-1"]
[WhiteElo "2429"]
[BlackElo "2520"]
[EventDate "2016.08.08"]
[PlyCount "98"]

1.Nf3 d5 2.g3 g6 3.Bg2 Bg7 4.O-O c5 5.d4 cxd4 6.Nxd4 Nf6 7.Nb3 O-O 8.Nc3 
e6 9.e4 Nxe4 10.Nxe4 dxe4 11.Bxe4 Qc7 12.c3 Bd7 13.Qe2 Bc6 14.Nd4 Bxd4 15.
cxd4 Bxe4 16.Qxe4 Qc6 17.Qh4 Nd7 18.Bh6 Rfc8 19.d5 exd5 20.Qd4 Qf6 21.Qxd5
Nb6 22.Qb5 a6 23.Qb3 Nc4 24.Qxb7 g5 25.Rac1 Nd6 26.Rxc8+ Rxc8 27.Qd7 Rd8 
28.Qc7 Nf5 29.Rc1 Nxh6 30.Rc6 Rd1+ 31.Kg2 Qd4 32.Rxh6 g4 33.Qc6 Qd3 34.
Qe8+ Kg7 35.Rxh7+ Qxh7 36.Qe5+ Kg8 37.Qe8+ Kg7 38.Qe5+ Kg6 39.Qe4+ f5 40.
Qe6+ Kg5 41.Qe3+ Kf6 42.Qb6+ Kg7 43.Qa7+ Kg6 44.Qxa6+ Kg5 45.h4+ gxh3+ 46.
Kh2 Qe7 47.Qa8 Qd8 48.Qa7 Rh1+ 49.Kxh1 Qd5+ 0-1

[Event "55th World U20 ch"]
[Site "Bhubaneswar IND"]
[Date "2016.08.19"]
[Round "11.8"]
[White "Narayanan, Sunilduth Lyna"]
[Black "Grandadam, Patrik"]
[Result "1-0"]
[WhiteElo "2515"]
[BlackElo "2325"]
[EventDate "2016.08.08"]
[PlyCount "97"]

1.d4 d5 2.c4 e6 3.Nc3 Bb4 4.e3 Nf6 5.a3 Bxc3+ 6.bxc3 c6 7.a4 O-O 8.Nf3 
Nbd7 9.a5 Re8 10.cxd5 exd5 11.Bd3 Rb8 12.O-O b5 13.axb6 axb6 14.c4 dxc4 
15.Bxc4 b5 16.Ba2 c5 17.dxc5 Nxc5 18.Qxd8 Rxd8 19.Ne5 Rb7 20.Ba3 Nce4 21.
Bb4 Re8 22.Nc6 Rc7 23.Rac1 Bb7 24.Nd8 Rxc1 25.Bxf7+ Kh8 26.Bxe8 Rc4 27.
Nxb7 Rxb4 28.Bc6 Rb2 29.f3 Nc3 30.Ra1 g6 31.Nc5 Rc2 32.Ra8+ Kg7 33.Ne6+ 
Kf7 34.Nd4 Rb2 35.Ra7+ Kg8 36.Ra8+ Kg7 37.Ra7+ Kg8 38.e4 Nh5 39.g3 b4 40.
Rb7 Rd2 41.Nb3 Rc2 42.Bd5+ Nxd5 43.exd5 Nf6 44.d6 Rc3 45.Rxb4 Kf7 46.Nd4 
Rd3 47.Rb7+ Ke8 48.Re7+ Kd8 49.Nc6+ 1-0

[Event "55th World U20 ch"]
[Site "Bhubaneswar IND"]
[Date "2016.08.19"]
[Round "11.9"]
[White "Akash, Ganesan"]
[Black "Karthikeyan, Murali"]
[Result "1/2-1/2"]
[WhiteElo "2400"]
[BlackElo "2514"]
[EventDate "2016.08.08"]
[PlyCount "63"]

1.e4 e5 2.Nf3 Nc6 3.Bb5 a6 4.Ba4 Nf6 5.O-O Be7 6.d3 b5 7.Bb3 d6 8.a4 Bd7 
9.Nc3 Na5 10.Ba2 b4 11.Nd5 Nxd5 12.Bxd5 c6 13.Ba2 c5 14.Bd5 Bc6 15.c4 bxc3
16.Bxc6+ Nxc6 17.bxc3 O-O 18.Be3 Rc8 19.a5 d5 20.Qa4 Qd6 21.Rfd1 d4 22.Bd2
Rb8 23.cxd4 Nxd4 24.Nxd4 cxd4 25.Rdb1 h6 26.g3 Rfc8 27.Kg2 Bg5 28.Be1 Qe6 
29.h4 Be7 30.Rxb8 Rxb8 31.Rc1 Rc8 32.Rxc8+ 1/2-1/2

[Event "55th World U20 ch"]
[Site "Bhubaneswar IND"]
[Date "2016.08.19"]
[Round "11.10"]
[White "Gagare, Shardul"]
[Black "Visakh, N. R."]
[Result "1-0"]
[WhiteElo "2486"]
[BlackElo "2431"]
[EventDate "2016.08.08"]
[PlyCount "88"]

1.d4 Nf6 2.c4 e6 3.Nf3 Bb4+ 4.Nbd2 b6 5.a3 Bxd2+ 6.Qxd2 Bb7 7.e3 a5 8.b3 
d6 9.Be2 O-O 10.O-O Nbd7 11.Bb2 Qe7 12.b4 axb4 13.axb4 c5 14.dxc5 bxc5 15.
b5 Nb6 16.Qc2 Nfd7 17.Rfd1 d5 18.cxd5 exd5 19.Bd3 g6 20.h4 d4 21.exd4 c4 
22.Be2 Nd5 23.Bxc4 Rfc8 24.Rxa8 Bxa8 25.Qb3 N7b6 26.Bf1 Nf4 27.Re1 Qf6 28.
d5 Bxd5 29.Qb4 Nh3+ 30.Kh2 Qf4+ 31.Qxf4 Nxf4 32.Ne5 Be6 33.Bd4 Nfd5 34.Ra1
f6 35.Nc6 Bd7 36.Ne7+ Nxe7 37.Bxb6 Kf7 38.Ba7 Rc2 39.Bd4 Nf5 40.Ra7 Ke6 
41.Bd3 Rd2 42.Bc4+ Kd6 43.Ra6+ Kc7 44.b6+ Kb8 1-0

[Event "55th World U20 ch"]
[Site "Bhubaneswar IND"]
[Date "2016.08.19"]
[Round "11.11"]
[White "Srijit, Paul"]
[Black "Tran Tuan Minh"]
[Result "0-1"]
[WhiteElo "2217"]
[BlackElo "2473"]
[EventDate "2016.08.08"]
[PlyCount "118"]

1.e4 c5 2.Nf3 d6 3.d4 cxd4 4.Nxd4 Nf6 5.Nc3 a6 6.Be3 e5 7.Nb3 Be6 8.Qd2 
Be7 9.f3 O-O 10.g4 d5 11.g5 d4 12.gxf6 Bxf6 13.Nd1 dxe3 14.Qxd8 Rxd8 15.
Bd3 Nc6 16.Nxe3 Rac8 17.Ke2 Bxb3 18.axb3 Nd4+ 19.Kf2 Nxb3 20.Rad1 Nc5 21.
Bc4 g6 22.Bd5 Kg7 23.b4 Ne6 24.Bxe6 fxe6 25.Rxd8 Bxd8 26.c4 Be7 27.Rb1 b6 
28.Ke2 h5 29.Rb2 Kf6 30.Kd3 Rd8+ 31.Ke2 Kf7 32.Nd1 Rd4 33.Ne3 Rd7 34.Nc2 
Kf6 35.Ra2 Ra7 36.Kd3 Kg5 37.Ke3 Kh4 38.Rb2 a5 39.Kf2 Kh3 40.Ra2 Rd7 41.
bxa5 bxa5 42.Ne3 Bc5 43.Ke2 Ra7 44.Kd3 a4 45.Nd1 a3 46.Kc3 Rf7 47.Nf2+ Kh4
48.Nd3 Rxf3 49.Kc2 Bd6 50.c5 Rxd3 51.Kxd3 Bxc5 52.Kc4 Be7 53.Kb5 g5 54.Kc6
g4 55.Kd7 Bg5 56.Kxe6 Bf4 57.Kf5 Kh3 58.Kg6 h4 59.Kh5 Bc1 0-1

[Event "55th World U20 ch"]
[Site "Bhubaneswar IND"]
[Date "2016.08.19"]
[Round "11.12"]
[White "Beradze, Irakli"]
[Black "Xu Yi"]
[Result "0-1"]
[WhiteElo "2440"]
[BlackElo "2371"]
[EventDate "2016.08.08"]
[PlyCount "76"]

1.Nf3 Nf6 2.d4 d5 3.c4 e6 4.Nc3 Bb4 5.Bg5 h6 6.Bxf6 Qxf6 7.Qa4+ Nc6 8.e3 
O-O 9.Be2 Bd7 10.Qc2 dxc4 11.O-O e5 12.dxe5 Nxe5 13.Nd5 Qd6 14.Rfd1 Bc6 
15.Nxe5 Bxd5 16.Bxc4 Qxe5 17.Rxd5 Qe7 18.Rad1 Bd6 19.g3 Rad8 20.Qd3 Qf6 
21.Rf5 Qe7 22.Qc2 c6 23.a4 Kh8 24.Rd4 Bc7 25.Rh4 Rd6 26.Rhf4 f6 27.Rh5 Qd7
28.Rff5 Re8 29.Qe2 Kh7 30.Rf4 Rd1+ 31.Kg2 Bxf4 32.gxf4 Rd2 33.Qf3 Rxe3 34.
Qxe3 Qg4+ 35.Qg3 Qxh5 36.Be6 f5 37.h3 Rd6 38.Bc8 Rg6 0-1

[Event "55th World U20 ch"]
[Site "Bhubaneswar IND"]
[Date "2016.08.19"]
[Round "11.13"]
[White "Dhulipalla, Bala Chandra Prasad"]
[Black "Wagner, Dennis"]
[Result "1/2-1/2"]
[WhiteElo "2276"]
[BlackElo "2572"]
[EventDate "2016.08.08"]
[PlyCount "61"]

1.d4 Nf6 2.Bf4 d5 3.e3 e6 4.Nd2 Bd6 5.Bg3 c5 6.c3 Nc6 7.Ngf3 O-O 8.Bb5 
Bxg3 9.hxg3 Qb6 10.a4 cxd4 11.exd4 a6 12.Bxc6 bxc6 13.Qb3 Qxb3 14.Nxb3 Rb8
15.Nfd2 e5 16.f3 Re8 17.Kf2 Bf5 18.Ra2 Nd7 19.Re1 Kf8 20.Na5 Rb6 21.b4 
exd4 22.Rxe8+ Kxe8 23.cxd4 Rxb4 24.Nxc6 Rb6 25.Na5 Nf8 26.Ndb3 Bd7 27.Nc5 
Ne6 28.Nab3 Rb4 29.Ke3 Ke7 30.Ra3 Nxc5 31.Nxc5 1/2-1/2

[Event "55th World U20 ch"]
[Site "Bhubaneswar IND"]
[Date "2016.08.19"]
[Round "11.14"]
[White "Alexeenko, Kiril"]
[Black "Karthik, Venkataraman"]
[Result "0-1"]
[WhiteElo "2582"]
[BlackElo "2305"]
[EventDate "2016.08.08"]
[PlyCount "86"]

1.e4 c5 2.Nc3 d6 3.f4 g6 4.Nf3 Bg7 5.Bb5+ Nc6 6.O-O Bd7 7.d3 Nd4 8.Bc4 e6 
9.f5 gxf5 10.exf5 Nxf5 11.Ng5 Ngh6 12.Qh5 Bd4+ 13.Kh1 Qf6 14.Qf3 Qg6 15.
Qxb7 Rd8 16.Qf3 Be5 17.Ne2 Rg8 18.Bb3 Rc8 19.Qh3 Bc6 20.c3 Ne7 21.Bd2 Nhf5
22.Rae1 h6 23.Ne4 c4 24.Bc2 d5 25.N4g3 Nxg3+ 26.Nxg3 Bxg3 27.Qxg3 Qxg3 28.
hxg3 cxd3 29.Bxd3 Rxg3 30.Re3 Rg4 31.Re2 d4 32.c4 Rg3 33.Bb1 d3 34.Ref2 
Be4 35.Kh2 Rg4 36.b3 Nf5 37.Re1 Kd7 38.Bf4 Bxg2 39.Rg1 Nh4 40.Bg3 Nf3+ 41.
Kxg2 Nxg1 42.Rxf7+ Ke8 43.Rf4 Rxg3+ 0-1

[Event "55th World U20 ch"]
[Site "Bhubaneswar IND"]
[Date "2016.08.19"]
[Round "11.15"]
[White "Beukema, Stefan"]
[Black "Arjun, Kalyan"]
[Result "0-1"]
[WhiteElo "2380"]
[BlackElo "2292"]
[EventDate "2016.08.08"]
[PlyCount "80"]

1.f4 d5 2.Nf3 Nf6 3.g3 c5 4.Bg2 g6 5.O-O Bg7 6.d3 O-O 7.Qe1 Nc6 8.e4 dxe4 
9.dxe4 e5 10.Na3 Re8 11.fxe5 Nxe5 12.Nxe5 Qd4+ 13.Kh1 Qxe5 14.Bf4 Qh5 15.
Nb5 Bh3 16.Nc7 Bxg2+ 17.Kxg2 Rxe4 18.Nxa8 Re2+ 19.Rf2 Qd5+ 20.Kg1 Rxe1+ 
21.Rxe1 Ne4 22.c3 Nxf2 23.Re8+ Bf8 24.Kxf2 Qf5 25.Nc7 g5 26.Re5 Qc2+ 27.
Re2 Qg6 28.Bd2 Qf5+ 29.Ke1 Qd7 30.Ne8 Be7 31.c4 Kf8 32.h4 h6 33.hxg5 hxg5 
34.Rh2 Kxe8 35.Rh8+ Bf8 36.Bxg5 Qe6+ 37.Kf2 Qxc4 38.Bf6 Qc2+ 39.Kg1 Qg6 
40.Be5 Ke7 0-1

[Event "55th World U20 ch"]
[Site "Bhubaneswar IND"]
[Date "2016.08.19"]
[Round "11.16"]
[White "Sammed Jaykumar, Shete"]
[Black "Yuan Qingyu"]
[Result "0-1"]
[WhiteElo "2253"]
[BlackElo "2366"]
[EventDate "2016.08.08"]
[PlyCount "122"]

1.e4 c5 2.Nf3 d6 3.d4 cxd4 4.Nxd4 Nf6 5.Nc3 a6 6.Bg5 e6 7.f4 Qb6 8.Qd2 
Qxb2 9.Rb1 Qa3 10.e5 h6 11.Bh4 dxe5 12.fxe5 g5 13.Bf2 Nfd7 14.Bg3 Nc6 15.
Be2 Ncxe5 16.Nxe6 fxe6 17.Bh5+ Ke7 18.O-O Bg7 19.Ne4 Rf8 20.Rfe1 Nc4 21.
Qe2 Nde5 22.h4 b5 23.Bf2 Rxf2 24.Qxf2 Bd7 25.hxg5 Rf8 26.Qh4 hxg5 27.Qxg5+
Bf6 28.Nxf6 Rxf6 29.Kh1 Nf7 30.Bxf7 Kxf7 31.Rf1 Rf5 32.Qh5+ Ke7 33.Rxf5 
exf5 34.Qh7+ Kd8 35.Rd1 Qe7 36.Qxf5 Ne3 37.Rxd7+ Qxd7 38.Qf8+ Qe8 39.Qd6+ 
Kc8 40.Qxa6+ Kc7 41.Qa7+ Kc6 42.a4 b4 43.Qa6+ Kc5 44.Qa5+ Kc4 45.Qa6+ Kd4 
46.Qd3+ Kc5 47.Kg1 Nd5 48.Qa6 Qd7 49.Qa5+ Kd4 50.Qa6 Qh7 51.Qc6 Qa7 52.Kf1
Qa5 53.g4 Qd8 54.Qg6 Nf4 55.Qf5 Ke3 56.Qc5+ Kf3 57.Qc6+ Kg3 58.Ke1 Qd4 59.
Qc7 Qe3+ 60.Kd1 Kf2 61.c3 Qe2+ 0-1

[Event "55th World U20 ch"]
[Site "Bhubaneswar IND"]
[Date "2016.08.19"]
[Round "11.17"]
[White "Rydstrom, Tom"]
[Black "Rajdeep, Sarkar"]
[Result "1/2-1/2"]
[WhiteElo "2315"]
[BlackElo "2351"]
[EventDate "2016.08.08"]
[PlyCount "137"]

1.e4 e5 2.Nf3 Nc6 3.Bc4 g6 4.c3 d6 5.d4 Qe7 6.O-O Bg7 7.Re1 Nf6 8.b4 a6 9.
a4 O-O 10.Ba3 Bg4 11.b5 Na5 12.Nbd2 Nxc4 13.Nxc4 Nd7 14.b6 Nxb6 15.Ncxe5 
Bxe5 16.dxe5 Nc4 17.exd6 cxd6 18.e5 Bxf3 19.exd6 Bxd1 20.dxe7 Rfe8 21.
Rexd1 Nxa3 22.Rxa3 Rxe7 23.Rb3 Rc8 24.g3 Rec7 25.Kg2 Re8 26.Rdb1 Ree7 27.
h4 h5 28.Rd1 Re2 29.Rd4 Rc2 30.Rd3 Kg7 31.Rf3 Re2 32.Rf4 Rc2 33.Rf3 Kf8 
34.Re3 Rd7 35.Re4 Rc7 36.Re3 Rd2 37.Kf1 Rdd7 38.Ke2 Rc4 39.Ra3 Rd5 40.Rb3 
Rd7 41.Ra3 Rc5 42.Rb3 Rcd5 43.Re4 Rc5 44.Reb4 Re5+ 45.Kf1 Ree7 46.Rd4 Rxd4
47.cxd4 Rd7 48.Rb4 Re7 49.Kg2 Ke8 50.Kf3 Kd8 51.Kf4 Kc7 52.f3 Re6 53.g4 
Rf6+ 54.Ke4 hxg4 55.fxg4 Rf1 56.Rb2 Rh1 57.Rf2 f5+ 58.gxf5 gxf5+ 59.Rxf5 
Rxh4+ 60.Kd5 Rh7 61.Rf6 Rh5+ 62.Kc4 b5+ 63.axb5 axb5+ 64.Kb4 Rd5 65.Rf7+ 
Kc6 66.Rf6+ Kc7 67.Rf7+ Kd6 68.Rf6+ Kd7 69.Rf7+ 1/2-1/2

[Event "55th World U20 ch"]
[Site "Bhubaneswar IND"]
[Date "2016.08.19"]
[Round "11.18"]
[White "Harsha, Bharathakoti"]
[Black "Rakesh, Kumar Jena"]
[Result "1/2-1/2"]
[WhiteElo "2344"]
[BlackElo "2161"]
[EventDate "2016.08.08"]
[PlyCount "115"]

1.Nf3 c5 2.c4 Nf6 3.Nc3 g6 4.g3 Bg7 5.Bg2 O-O 6.d4 cxd4 7.Nxd4 Nc6 8.O-O 
Nxd4 9.Qxd4 d6 10.Qd3 Bf5 11.e4 Be6 12.b3 Qa5 13.Bb2 a6 14.Qe2 Rac8 15.Nd5
Nxd5 16.exd5 Bg4 17.f3 Bxb2 18.Qxb2 Bf5 19.g4 Bd7 20.Rae1 Rfe8 21.Re3 b5 
22.cxb5 Qxb5 23.Qd2 e6 24.dxe6 Bxe6 25.Rfe1 Qc5 26.Kh1 d5 27.f4 d4 28.Re4 
Bd7 29.Rxe8+ Rxe8 30.Rxe8+ Bxe8 31.Be4 Bc6 32.Bxc6 Qxc6+ 33.Kg1 Qc3 34.Qd1
Qe3+ 35.Kg2 Qxf4 36.Qe2 Qd6 37.Qd3 Qd5+ 38.Kf2 Qe5 39.Kg2 Kg7 40.h3 h5 41.
gxh5 gxh5 42.b4 Qd5+ 43.Kg1 Qd6 44.a3 h4 45.Kf1 Qf4+ 46.Ke2 Qh2+ 47.Kd1 
Qb2 48.Qf3 Qb1+ 49.Kd2 Qa2+ 50.Kd1 Qe6 51.a4 Qd7 52.Kd2 Qxa4 53.Qg4+ Kf8 
54.Qxd4 Qa2+ 55.Ke1 Qe6+ 56.Kf2 Qxh3 57.Qd8+ Kg7 58.Qg5+ 1/2-1/2

[Event "55th World U20 ch"]
[Site "Bhubaneswar IND"]
[Date "2016.08.19"]
[Round "11.19"]
[White "Mousavi, Seyed Khalil"]
[Black "Papakonstantinou, Dimitrios"]
[Result "1-0"]
[WhiteElo "2422"]
[BlackElo "2180"]
[EventDate "2016.08.08"]
[PlyCount "85"]

1.c4 Nf6 2.Nc3 g6 3.g3 Bg7 4.Bg2 d6 5.e3 e5 6.Nge2 O-O 7.O-O Re8 8.d4 Nbd7
9.b3 Qe7 10.h3 c6 11.Ba3 e4 12.g4 h6 13.Ng3 Rd8 14.Ncxe4 Nxe4 15.Nxe4 Nf8 
16.Qf3 Qe6 17.Rad1 f5 18.gxf5 gxf5 19.Ng3 Qf7 20.Nh5 Bh8 21.Nf4 Kh7 22.Qh5
Qxh5 23.Nxh5 Ng6 24.Kh2 a5 25.f4 Nh4 26.Bh1 Be6 27.Kg3 a4 28.Bb4 axb3 29.
axb3 Ng6 30.d5 Bf7 31.dxc6 Rg8 32.Kf2 Ra2+ 33.Rd2 Rxd2+ 34.Bxd2 Ne7 35.
cxb7 Bxh5 36.Rg1 Re8 37.Bb4 Bf6 38.Bxd6 Bh4+ 39.Kf1 Nc6 40.Bxc6 Rxe3 41.
b8=Q Re1+ 42.Kg2 Re2+ 43.Kh1 1-0

[Event "55th World U20 ch"]
[Site "Bhubaneswar IND"]
[Date "2016.08.19"]
[Round "11.20"]
[White "Gholami, Aryan"]
[Black "Chakravarthi Reddy, M."]
[Result "1-0"]
[WhiteElo "2461"]
[BlackElo "2228"]
[EventDate "2016.08.08"]
[PlyCount "67"]

1.c4 e5 2.Nc3 Nc6 3.g3 f5 4.Bg2 Nf6 5.d3 Be7 6.Nf3 O-O 7.O-O d6 8.Rb1 a5 
9.a3 Qe8 10.b4 axb4 11.axb4 Qh5 12.Nd5 Bd8 13.b5 Nxd5 14.cxd5 Nb8 15.Nd2 
Nd7 16.Nc4 b6 17.Bb2 Nf6 18.f4 exf4 19.Rxf4 Re8 20.Bf3 Ng4 21.Bxg4 fxg4 
22.e4 Bg5 23.Rf1 Bd7 24.Qb3 Kh8 25.Rbe1 Rf8 26.e5 dxe5 27.Nxe5 Rxf1+ 28.
Rxf1 Be3+ 29.Kh1 Bf5 30.Qc3 Rf8 31.Qxc7 Bc5 32.Rf4 Qe8 33.d6 Be6 34.Ng6+ 
1-0

[Event "55th World U20 ch"]
[Site "Bhubaneswar IND"]
[Date "2016.08.19"]
[Round "11.21"]
[White "Basso, Pierluigi"]
[Black "Yogit, S."]
[Result "1-0"]
[WhiteElo "2455"]
[BlackElo "2270"]
[EventDate "2016.08.08"]
[PlyCount "103"]

1.d4 Nf6 2.c4 e6 3.Nc3 Bb4 4.Qc2 c5 5.dxc5 O-O 6.Nf3 Na6 7.g3 Nxc5 8.Bg2 
Nce4 9.O-O Bxc3 10.bxc3 d5 11.Nd2 Nxd2 12.Bxd2 dxc4 13.Bg5 h6 14.Rfd1 Qe7 
15.Bxf6 Qxf6 16.Rab1 Qe5 17.Bxb7 Bxb7 18.Rxb7 Rfb8 19.Re7 Re8 20.Red7 a5 
21.R1d4 Rac8 22.Rf4 Rf8 23.Rfd4 Rc7 24.R7d6 g6 25.Rb6 Kg7 26.e3 Rc5 27.Qa4
Rfc8 28.h4 h5 29.Qd7 R8c7 30.Qd8 Rc8 31.Qd6 Qxd6 32.Rdxd6 R8c7 33.Kf1 Kf6 
34.Ke2 Ke7 35.e4 Rd7 36.Rxd7+ Kxd7 37.Rb7+ Rc7 38.Rb5 Kc6 39.Rxa5 Rd7 40.
Ra8 Kb5 41.a4+ Kb6 42.Rc8 Rc7 43.Rxc7 Kxc7 44.e5 Kc6 45.Ke3 Kd5 46.Kf4 Kc5
47.Ke4 Kb6 48.Kd4 Ka5 49.Kxc4 Kxa4 50.f4 Ka3 51.Kb5 Kb3 52.c4 1-0

[Event "55th World U20 ch"]
[Site "Bhubaneswar IND"]
[Date "2016.08.19"]
[Round "11.22"]
[White "Martins, David Pires Tavares"]
[Black "Krishna Teja, N."]
[Result "1-0"]
[WhiteElo "2402"]
[BlackElo "2282"]
[EventDate "2016.08.08"]
[PlyCount "103"]

1.c4 c5 2.Nf3 Nc6 3.Nc3 g6 4.e3 d6 5.d4 cxd4 6.exd4 Bg4 7.Be2 Bg7 8.Be3 
Nh6 9.d5 Bxf3 10.gxf3 Ne5 11.f4 Nd7 12.Bd3 Qa5 13.Rc1 Nc5 14.Bb1 Qb4 15.
Bd4 Bf6 16.Bxf6 exf6 17.O-O O-O 18.Qd4 Qxb2 19.Qxf6 Na4 20.Rc2 Qa1 21.Qxd6
Nxc3 22.Qe5 Rac8 23.Qxc3 Qxc3 24.Rxc3 Rfd8 25.Be4 Ng4 26.f3 Nf6 27.Rfc1 
Rc5 28.Kf2 Ne8 29.Ke3 f5 30.Bd3 b6 31.Be2 Nf6 32.Bd1 Re8+ 33.Kd2 Nh5 34.
Ba4 Rd8 35.Ke3 Ra5 36.Bb3 Re8+ 37.Kd2 Nxf4 38.c5 bxc5 39.Rxc5 Ra6 40.Rc8 
Kf8 41.Rxe8+ Kxe8 42.Ke3 g5 43.Rc7 Rh6 44.Kd4 Rxh2 45.Ke5 Ng6+ 46.Kxf5 Rf2
47.Rxh7 Nh4+ 48.Ke6 Re2+ 49.Kf6 Rd2 50.f4 Rf2 51.d6 Kd8 52.Be6 1-0

[Event "55th World U20 ch"]
[Site "Bhubaneswar IND"]
[Date "2016.08.19"]
[Round "11.23"]
[White "Lokander, Martin"]
[Black "Rahul Srivatshav, P."]
[Result "1/2-1/2"]
[WhiteElo "2365"]
[BlackElo "2280"]
[EventDate "2016.08.08"]
[PlyCount "61"]

1.d4 Nf6 2.c4 e6 3.Nc3 Bb4 4.Qc2 O-O 5.Nf3 c5 6.dxc5 Na6 7.g3 Nxc5 8.Bg2 
Nce4 9.O-O Nxc3 10.bxc3 Be7 11.e4 d6 12.e5 dxe5 13.Nxe5 Qc7 14.Re1 Bd6 15.
Qe2 Nd7 16.Bf4 Nxe5 17.Bxe5 Bxe5 18.Qxe5 Qxe5 19.Rxe5 Rb8 20.Rb1 b6 21.c5 
Ba6 22.cxb6 axb6 23.Bf1 Bxf1 24.Kxf1 Ra8 25.Rxb6 Rxa2 26.Re2 Ra1+ 27.Re1 
Ra2 28.Re2 Ra1+ 29.Re1 Ra2 30.Re2 Ra1+ 31.Re1 1/2-1/2

[Event "55th World U20 ch"]
[Site "Bhubaneswar IND"]
[Date "2016.08.19"]
[Round "11.24"]
[White "Pirverdiev, Agil"]
[Black "Taalaibekov, Tagir"]
[Result "1-0"]
[WhiteElo "2364"]
[BlackElo "2182"]
[EventDate "2016.08.08"]
[PlyCount "83"]

1.Nf3 e6 2.d4 f5 3.g3 Nf6 4.Bg2 d5 5.O-O Bd6 6.c4 c6 7.b3 O-O 8.Ba3 Bxa3 
9.Nxa3 Bd7 10.Qc2 Qe7 11.Qb2 Be8 12.b4 Bh5 13.Ne5 Nbd7 14.Nd3 a5 15.b5 
cxb5 16.Nxb5 dxc4 17.Nf4 Bf7 18.Rfc1 e5 19.dxe5 Nxe5 20.Nd4 Rab8 21.Nxf5 
Qc5 22.Nd5 Nfg4 23.Qd4 Qxd4 24.Nxd4 Rfd8 25.e4 Nf6 26.Nf5 Kf8 27.Nb6 g6 
28.Ne3 Rd4 29.f4 Nd3 30.Rc3 Nxe4 31.Bxe4 Rxe4 32.Nexc4 Rd4 33.Nxa5 Nb4 34.
Rc7 Rbd8 35.Nxb7 Rd1+ 36.Rxd1 Rxd1+ 37.Kf2 Rd2+ 38.Kf3 Rxa2 39.Nd7+ Kg8 
40.Nf6+ Kg7 41.Nd8 Ra3+ 42.Ke4 1-0

[Event "55th World U20 ch"]
[Site "Bhubaneswar IND"]
[Date "2016.08.19"]
[Round "11.26"]
[White "Studer, Noel"]
[Black "Ranjan Sahoo, Utkal"]
[Result "1-0"]
[WhiteElo "2477"]
[BlackElo "2266"]
[EventDate "2016.08.08"]
[PlyCount "133"]

1.Nf3 d5 2.g3 Nf6 3.Bg2 c6 4.O-O Bg4 5.d3 Nbd7 6.Nbd2 e5 7.e4 Bd6 8.Qe1 
O-O 9.h3 Bxf3 10.Bxf3 Re8 11.Nb3 h6 12.Bg2 a5 13.a4 Nc5 14.Nxc5 Bxc5 15.
Bd2 b6 16.Qe2 Qd6 17.Kh1 Rad8 18.Rad1 Qe6 19.exd5 cxd5 20.c3 Qd7 21.b3 d4 
22.c4 e4 23.Bc1 e3 24.fxe3 dxe3 25.d4 Bxd4 26.Rf4 Ne4 27.Rxe4 Rxe4 28.Bxe4
Qxh3+ 29.Kg1 Qxg3+ 30.Bg2 Rd6 31.Rd3 Bc5 32.Rxd6 Qxd6 33.Bxe3 Qe5 34.Kf2 
Qf4+ 35.Bf3 g5 36.Bxc5 bxc5 37.Kg2 Kg7 38.Qd1 Qe5 39.Qd2 f5 40.Qd7+ Kg6 
41.Qc6+ Kg7 42.Qb7+ Kg6 43.Qb6+ Kg7 44.Qa7+ Kg6 45.Qb6+ Kg7 46.Qa7+ Kg6 
47.Qa6+ Kg7 48.Qxa5 g4 49.Bd1 Qe4+ 50.Kf1 Qf4+ 51.Ke2 Qf3+ 52.Kd2 Qf2+ 53.
Be2 g3 54.Qc3+ Kg6 55.Qf3 Qh2 56.Qf4 Qh3 57.Ke3 g2+ 58.Kf2 Qxb3 59.Qd6+ 
Kg5 60.Qd8+ Kg6 61.Qe8+ Kg5 62.Kxg2 Kf4 63.Qc6 Qg3+ 64.Kf1 Qh3+ 65.Qg2 Qa3
66.Qf3+ Qxf3+ 67.Bxf3 1-0

[Event "55th World U20 ch"]
[Site "Bhubaneswar IND"]
[Date "2016.08.19"]
[Round "11.27"]
[White "Nihal, Sarin"]
[Black "Fan Huifeng"]
[Result "1/2-1/2"]
[WhiteElo "2358"]
[BlackElo "2223"]
[EventDate "2016.08.08"]
[PlyCount "108"]

1.d4 Nf6 2.c4 e6 3.Nf3 Bb4+ 4.Bd2 Qe7 5.g3 Bxd2+ 6.Qxd2 Nc6 7.b3 d5 8.Bg2 
O-O 9.O-O dxc4 10.bxc4 e5 11.d5 Nb8 12.Qc3 Re8 13.Nbd2 e4 14.Nd4 c6 15.
dxc6 Nxc6 16.Nxc6 bxc6 17.Qe3 c5 18.Nb3 Bg4 19.h3 Be6 20.Rac1 Rac8 21.Rfd1
h5 22.Rd2 Qc7 23.Qf4 Qxf4 24.gxf4 Rc6 25.Rcd1 Kf8 26.e3 Ke7 27.Kh2 Bf5 28.
f3 Kf8 29.Rd8 Ra6 30.Rxe8+ Kxe8 31.fxe4 Bxe4 32.Nxc5 Rxa2 33.Nxe4 Nxe4 34.
Rd5 Nd2 35.c5 Nc4 36.Rd4 Rc2 37.Kg3 f5 38.Bc6+ Ke7 39.Rd7+ Ke6 40.Rxa7 
Nxe3 41.Rxg7 Rxc5 42.Bf3 Rc3 43.Bxh5 Nd5+ 44.Bf3 Nf6 45.Kg2 Rc2+ 46.Kg3 
Rc3 47.Kf2 Ne4+ 48.Bxe4 fxe4 49.Rg5 Rf3+ 50.Ke2 Rxf4 51.Rg4 Rxg4 52.hxg4 
Kf6 53.Ke3 Kg5 54.Kxe4 Kxg4 1/2-1/2

[Event "55th World U20 ch"]
[Site "Bhubaneswar IND"]
[Date "2016.08.19"]
[Round "11.28"]
[White "Ivic, Velimir"]
[Black "Gheorghiu, Calin"]
[Result "1/2-1/2"]
[WhiteElo "2270"]
[BlackElo "2343"]
[EventDate "2016.08.08"]
[PlyCount "231"]

1.e4 c5 2.Nf3 d6 3.Bb5+ Nd7 4.O-O a6 5.Bd3 g6 6.Re1 Bg7 7.c3 Ngf6 8.Bc2 
O-O 9.d4 e5 10.a4 b6 11.dxe5 dxe5 12.Nbd2 Bb7 13.Qe2 Qc7 14.Bd3 Ne8 15.b3 
h6 16.Nc4 Bc6 17.Bb2 Rb8 18.Nfd2 Qb7 19.Nf1 Rd8 20.b4 Qc7 21.Ncd2 cxb4 22.
cxb4 Nb8 23.b5 axb5 24.axb5 Bb7 25.Ba3 Nd6 26.Nc4 Nxb5 27.Bxf8 Bxf8 28.
Nfe3 Nd4 29.Qb2 Bc5 30.Red1 Ne6 31.Qxe5 Qxe5 32.Nxe5 Bd4 33.Ra7 Bxe5 34.
Rxb7 Nc5 35.Rxb6 Rxd3 36.Rxd3 Nxd3 37.Ng4 Nd7 38.Nxe5 N3xe5 39.Rb1 Kg7 40.
f3 g5 41.Kf2 Ng6 42.g3 h5 43.Ke3 Nde5 44.Rc1 Nf8 45.h3 Ne6 46.Rf1 Nc4+ 47.
Kd3 Ne5+ 48.Ke3 Nc4+ 49.Kd3 Nd6 50.Rc1 Kf6 51.Ke3 Ke7 52.h4 gxh4 53.gxh4 
f5 54.exf5 Nxf5+ 55.Ke4 Kf6 56.f4 Nxh4 57.Rh1 Nf5 58.Rxh5 Ng3+ 59.Kd5 Nxh5
60.f5 Ng5 61.Kd4 Ng3 62.Kd5 Nf7 63.Kd4 Ne5 64.Kd5 Nf3 65.Kd6 Ne2 66.Kd5 
Nd2 67.Kd6 Nb3 68.Kd5 Nd2 69.Kd6 Nc3 70.Kc5 Nf3 71.Kc4 Ne4 72.Kd5 Neg5 73.
Kd6 Nh4 74.Kd5 Nf7 75.Kd4 Ng2 76.Ke4 Nd6+ 77.Kd5 Ne8 78.Ke4 Nc7 79.Kf3 
Ne1+ 80.Ke4 Nc2 81.Kd3 Nb4+ 82.Kd4 Nba6 83.Ke4 Nb8 84.Kd4 Nd7 85.Ke4 Ne5 
86.Kd4 Na6 87.Kd5 Nb4+ 88.Kd6 Ned3 89.Kd7 Na2 90.Kc6 Nc3 91.Kd6 Nb4 92.Kc5
Nba2 93.Kd4 Nb5+ 94.Kd5 Nc7+ 95.Kd6 Ne8+ 96.Kd7 Ng7 97.Kd6 Nc3 98.Kc5 Ne4+
99.Kd5 Ng5 100.Kd6 Nh5 101.Kd5 Ng3 102.Kd4 Nf7 103.Kd5 Nh5 104.Ke4 Ke7 
105.f6+ Ke6 106.Kd4 Ng3 107.Ke3 Ke5 108.Kd3 Nf5 109.Kc4 Ke4 110.Kc5 Ne3 
111.Kc6 Kd4 112.Kd7 Kd5 113.Ke7 Ne5 114.f7 Nf5+ 115.Kf6 Nxf7 116.Kxf5 
1/2-1/2